Vista normal
Vista MARC
Entrada Materia (personas)
Número de registros utilizados en: 1
001 - CONTROL NUMBER
- control field: 65156
003 - CONTROL NUMBER IDENTIFIER
- control field: Co-BoUCM
005 - DATE AND TIME OF LATEST TRANSACTION
- control field: 20141009130303.0
008 - FIXED-LENGTH DATA ELEMENTS
- fixed length control field: 141009|| aca||aabn | a|a d
040 ## - CATALOGING SOURCE
- Original cataloging agency: Co-BoUCM
- Transcribing agency: Co-BoUCM
100 ## - HEADING--PERSONAL NAME
- Personal name: Fisher, A. Garth.
670 ## - SOURCE DATA FOUND
- Source citation: Work cat.: (Co-BoUCM)54750: George, James D. 65155, Tests y pruebas físicas, 2005